000 00997cam a2200277 i 4500
003 SA-RiAUC
005 20250125061319.0
008 250118s2003 ua g 000k0 ara c
020 _a977341082X
040 _aSA-RiAUC
_bara
_cSA-RiAUC
_erda
043 _aa-su---
082 0 4 _a370.95312
090 _a370.95312
_bج م ا
100 1 _aجمال، أحمد محمد صالح،
_d1343-1413 هجري
_eمؤلف.
245 1 0 _aماذا في الحجاز /
_cأحمد محمد جمال.
250 _aالطبعة الأولى.
264 1 _aالقاهرة :
_bمكتبة الثقافة الدينية،
_c2003
300 _a81 صفحة ؛
_c20 سم
336 _aنص
_btxt
_2rdacontent
_3كتاب
337 _aبدون وسيط
_bn
_2rdamedia
338 _aمجلد
_bnc
_2rdacarrier
650 7 _aالتعليم
_zالسعودية
_zالحجاز
_2aucsh
651 7 _aالحجاز (السعودية)
_xتاريخ
_2aucsh
942 _2ddc
_cBOOK
_n0
949 _aSA-JeALM
_d250118
_umohamedma123
_n1
999 _c5163
_d5163